000 01018cam a22002054a 4500
005 20250605164116.0
008 250528s ||||||||||||||||||||||||d
035 _a18097
020 _a130970417
040 _aGR-AtMCL
_bgre
_dGR-AtMCL
_eAACR2
245 1 _aThe Journey of Adulthood / Fifth Edition
260 _bPearson - Prentice Hall,
_c2004
300 _a496
520 _aThis book presents the best and most relevant theories of adulthood. Defining the Journey: Some Assumptions and Definitions and Methods, Theories of Adult Development, Physical Changes, Health and Health Habits, Changes in Cognitive Abilities, Social Roles, Development of Relationships, Work and Retirement, Personality Stability and Change, The Growth of Meaning, Stress and Resistance, Themes of Adult Development, Death and Dying, The Successful Journey: Individual Differences in Adult Development.
700 1 _aBee Helen
_92896
700 1 _aBjorklund Barbara R.
_94389
942 _cBK
999 _c3482
_d3482